| 000 | 00000nam##2200000za#4500 |
| 001 | 9.689862 |
| 003 | CaOODSP |
| 005 | 20210624232103 |
| 007 | cr ||||||||||| |
| 008 | 150407|2006||||xxc|||||o f|0| 0 eng|d |
| 040 | |aCaOODSP|beng |
| 043 | |an-cn--- |
| 086 | 1 |aV32-122/2006E-PDF |
| 110 | 1 |aCanada. |bVeterans Affairs Canada. |
| 245 | 10|aParkwood Operational Stress Injury Clinic |h[electronic resource] |
| 260 | |aCharlottetown - Prince Edward Island : |bVeterans Affairs Canada |c2006. |
| 300 | |a3p. |
| 500 | |aThe catalogue number (V32-122/2006) and ISBN (0-662-49032-0) for the print edition have been incorrectly copied in this PDF edition. |
| 590 | |a10-05-Supp|b2010-07-20 |
| 690 | 07|aHealth care facilities|2gcpds |
| 690 | 07|aOccupational accidents|2gcpds |
| 690 | 07|aVeterans|2gcpds |
| 775 | 08|tClinique Parkwood pour traumatismes liés au stress opérationnel |w(CaOODSP)9.634239 |
| 856 | 40|ahttp://publications.gc.ca|qPDF|s269 KB|uhttps://publications.gc.ca/collections/collection_2007/vac-acc/V32-122-2006E.pdf |